00353cam a2200145ua 4500041001000000082001900010100001700029245006400046250001200110260004300122300001100165504000500176942000700181999001900188 aengh a828.09bMUL/JO aMallik, B R. aJohnson`s life of Milton / cB R Mallik.hTextual Documents a1 / b. aNew Delhi : bS.Chand and Co , c1961. a43 ; . a cBK c330118d330118